Stati attraversati dall'Equatore - Statistics

Statistiche generali
  • Questo quiz è stato fatto 33 volte
  • Il punteggio medio è 9 su 13
Statistiche sulle risposte
Continente Stato % Corretto
America del Sud Brasile
100%
America del Sud Colombia
92%
America del Sud Ecuador
92%
Africa Repubblica del Congo
92%
Asia Indonesia
84%
Africa Kenya
80%
Africa Gabon
60%
Oceania Kiribati
56%
Asia Maldive
56%
Africa Somalia
56%
Africa Uganda
52%
Africa Repubblica Democratica del Congo
32%
Africa São Tomé e Príncipe
32%
Nessun quiz corrispondente trovato
Distribuzione punteggi
Percentuale di utenti per punteggio
Percentile per numero di risposta
I tuoi punteggi nel tempo
Non hai fatto questo quiz